Les 10 plus vieux système de métro du monde - Statistiques

Statistiques générales
  • Ce quiz a été pris 101 fois
  • Le résultat moyen est 9 sur 10
Statistiques - réponses
Classement Pays Ville Création % Correct
5 France Paris 1900
100%
7 Allemagne Berlin 1902
99%
1 Royaume-Uni Londres 1890
99%
9 Etats-Unis New York 1904
98%
8 Grèce Athènes 1904
97%
3 Hongrie Budapest 1896
95%
2 Etats-Unis Chicago 1895
88%
6 Etats-Unis Boston 1901
81%
10 Etats-Unis Philadelphie 1907
67%
4 Royaume-Uni Glasgow 1896
62%
Aucun quiz correspondant
Distribution des résultats
% des personnes avec chaque résultat
Percentile par nombre de réponses
Votre historique - résultats
Vous n’avez pas pris ce quiz